000 00526nam a2200097Ia 4500
008 170517s9999 xx 000 0 und d
245 _aOn Piracy and the Future of Media
300 _aEach day, millions of youths from Canada and around the world download music and movies off of the Internet. This epidemic of unauthorized downloading has been cited by the record and film industries as being the prime cause for billions in losses. Politicians have...
650 _xMedia.
856 _uhttp://topdocumentaryfilms.com/on-piracy/
999 _c333540
_d333540